Sostojanie prestupnosti v Rossii

Состояние преступности в России
Guardado en:  
Detalles Bibliográficos
Tipo de documento: Print Revista
Lenguaje:Lengua no determinada
Publicado: Moskva 1993-
En:Año: 1993
Verificar disponibilidad: HBZ Gateway
Palabras clave:

MARC

LEADER 00000cas a2200000 c 4500
001 196284236
003 DE-627
005 20230403164714.0
007 tu
008 960423c19939999ru z| p| 0 |0und c
016 7 |a 018140920  |2 DE-101 
016 7 |a 1309991-7  |2 DE-600 
035 |a (DE-627)196284236 
035 |a (DE-576)053642392 
035 |a (DE-599)ZDB1309991-7 
035 |a (OCoLC)1367256543 
040 |a DE-627  |b ger  |c DE-627  |e rakwb 
044 |c XA-RU 
082 0 4 |a 340  |q DE-600 
084 |a PO 3589  |2 rvk  |0 (DE-625)rvk/138409:372 
242 1 0 |a Übers.: Stand der Kriminalität in Russland 
245 0 0 |6 880-01  |a Sostojanie prestupnosti v Rossii  |c Ministerstvo Vnutrennich Del Rossijskoj Federacii ; Štab ; Glavnyj Informacionnyj Centr 
264 3 1 |a Moskva  |c 1993- 
336 |a Text  |b txt  |2 rdacontent 
337 |a ohne Hilfsmittel zu benutzen  |b n  |2 rdamedia 
338 |a Band  |b nc  |2 rdacarrier 
362 0 |a Nachgewiesen 1993 - 
363 0 1 |i 1993 
655 7 |a Zeitschrift  |0 (DE-588)4067488-5  |0 (DE-627)10454466X  |0 (DE-576)20917000X  |2 gnd-content 
689 0 0 |d g  |0 (DE-588)4076899-5  |0 (DE-627)104251980  |0 (DE-576)209203366  |a Russland  |2 gnd 
689 0 1 |d s  |0 (DE-588)4033178-7  |0 (DE-627)10458503X  |0 (DE-576)209000511  |a Kriminalität  |2 gnd 
689 0 2 |d s  |0 (DE-588)4056995-0  |0 (DE-627)106152955  |0 (DE-576)209119799  |a Statistik  |2 gnd 
689 0 |5 DE-101 
880 0 0 |6 245-01/Cyrl  |a Состояние преступности в России 
935 |a mkri 
936 r v |a PO 3589  |b Einzeldarstellungen  |k Rechtswissenschaft  |k Recht sozialistischer und ehemals sozialistischer Staaten (Ostrecht) bis Erscheinungsjahr 1989  |k Sowjetunion/GUS, Russland  |k Strafrecht  |k Kriminologie  |k Einzeldarstellungen  |0 (DE-627)1271644088  |0 (DE-625)rvk/138409:372  |0 (DE-576)201644088 
951 |a JT 
ELC |b 1 
LOK |0 000 xxxxxcy a22 3n 4500 
LOK |0 001 2286886946 
LOK |0 003 DE-627 
LOK |0 004 196284236 
LOK |0 005 20031122000000 
LOK |0 008 960810||||||||||||||||ger||||||| 
LOK |0 035   |a (DE-600)050316052 
LOK |0 040   |a DE-Frei85  |c DE-627  |d DE-Frei85 
LOK |0 852   |8 1 
LOK |0 852   |a DE-Frei85 
LOK |0 852 1  |9 00 
LOK |0 85900  |8 1.1  |i 1993 
LOK |0 85910  |8 1.2  |i 1994 
LOK |0 86630  |a 1993 - 1994  |z [L] 
LOK |0 939   |a 10-08-96  |b z01 
ORI |a SA-MARC-krimdoka001.raw 
TIM |a 000000000000_100019171231  |b  - 1917